Juicios orales en materia mercantil

Detalles Bibliográficos
Formato: eBook
Lenguaje:español
Publicado: Coyoacǹ, Mx̌ico D.F. : Ral︢ Jur̀ez Carro Editorial, 2013
Materias:
Acceso en línea:http://www.vlex.com/source/7332

MARC

LEADER 00000nam a22000007a 4500
005 20130425181241.0
007 cr|||| ||||
008 130425e2013 mx |||||s|||| 00||0 spa d
035 |a 7332 
040 |a vLex 
090 |c 4175  |d 4175 
245 0 0 |a Juicios orales en materia mercantil  |h [Recurso electrn̤ico] 
256 |a Servicio en ln̕ea 
260 |a Coyoacǹ, Mx̌ico D.F. :  |b Ral︢ Jur̀ez Carro Editorial,   |c 2013 
300 |a 1 Recurso electrn̤ico 
506 |d vLex Global  |d vLex Global (Academic Edition, excluding Law Schools)  |d vLex Global (U.S. Academic Edition, Law Schools)  |d vLex Global (U.S. Academic Edition, excluding Law Schools)  |d vLex Global (Academic Edition, Law Schools) 
650 4 |a Derecho mercantil y de la empresa  |z Mx̌ico 
650 4 |a Derecho procesal  |z Mx̌ico 
740 |a vLex Libros (Servicio en ln̕ea) 
856 |a Acceso restringido  |u http://www.vlex.com/source/7332 
942 |c BOOK 
999 0 |b Commercial law